Guess the kpop idol by picture - Statistics

General Stats
  • This quiz has been taken 194 times
  • The average score is 8 of 12
Answer Stats
Picture Answer % Correct
Han
92%
Jin
89%
Yeji
88%
Sunghoon
83%
Karina
82%
Lee Know
82%
Soobin
79%
Hoshi
70%
Hannah Bahng
69%
Minho
54%
Wonho
34%
Taesan
27%
No matching quizzes found
Score Distribution
Percent of People with Each Score
Percentile by Number Answered
Your Score History
You have not taken this quiz